000
00216nam a22000857a 4500
008
160711b xxu||||| |||| 00| 0 eng d
100
_9
2554
_a
Light, J
245
_a
Dig that Hole!
260
_a
New York
_b
Child's Play
_c
1990
999
_c
2220
_d
2220